[Event "February Lviv Tradition-IM 2020"]
[Site "Lviv"]
[Date "2020.02.18"]
[Round "3.2"]
[White "Roshka, Yevgeniy"]
[Black "Sydoryka, Vladyslav"]
[Result "0-1"]
[WhiteElo "2456"]
[BlackElo "2318"]
[Annotator "TA"]
[PlyCount "162"]
[EventDate "2020.02.17"]
[EventType "tourn"]
[EventCountry "UKR"]
[SourceTitle "playchess.com"]
[Source "ChessBase"]
[SourceQuality "1"]

{[%evp 22,162,29,41,88,85,82,28,116,116,110,109,109,110,87,0,76,28,94,74,73,77,85,82,85,66,54,61,63,0,0,0,0,11,9,0,0,-10,-9,-3,-12,-13,-16,-70,-12,-25,-12,-11,-10,-4,-19,-15,0,-1,0,-222,-215,-326,-316,-414,-414,-414,-414,-414,-414,-414,-408,-432,-430,-704,-707,-695,-684,-728,-656,-836,-814,-789,-567,-12827,-11936,-12830,-12831,-6141,-7054,-12835,-12835,-12834,-12831,-12831,-12831,-12831,-12831,-12830,-10833,-12833,-12833,-12834,-12834,-12835,-12835,-12842,-12842,-12843,-12840,-12841,-12841,-12841,-12842,-12842,-12843,-12843,-12842,-12843,-12842,-12844,-12844,-12846,-12847,-12847,-12847,-12848,-12847,-12847,-12847,-12848,-12849,-12850,-12849,-29993,-12849,-12850,-12850,-29992,-29993,-29993,-29994,-29994,-12849,-12851,-27999,-12851,-27999]} 1. d4 Nf6 2. c4 c5 3. d5 b5 4. cxb5 a6 5. f3 axb5 6. e4 Qa5+ 7. Bd2 b4 8. Na3 d6 9. Nc4 Qc7 10. a3 bxa3 11. Rxa3 Rxa3 12. bxa3 Qa7 {[#] A57: Benko/Volga Gambit.} 13. Bc3 $146 ({Predecessor:} 13. Ne2 g6 14. Nc3 Bd7 15. Be2 Bg7 16. O-O O-O 17. Qb3 Na6 18. Qb6 Ra8 19. Rb1 Be8 20. Qxa7 Rxa7 {1-0 (37) Vareille,F (2380)-Usachyi,V (2290) Val Thorens 1995}) 13... Nbd7 14. Qb3 (14. a4 $16) 14... Qb7 (14... e6 $1 $11 {keeps the balance.}) 15. Qxb7 $16 Bxb7 16. Na5 Ba8 17. Bb5 e6 18. Nc4 (18. Bc6 $16 Bxc6 19. dxc6) 18... Kd8 ({Don't play} 18... exd5 $6 19. Nb6 $16) (18... Ke7 $1 $11) 19. e5 Nxd5 (19... Nxe5 $11 {remains equal.} 20. Nxe5 (20. Bxe5 dxe5 21. Nxe5 Rg8 $11) 20... dxe5) 20. Ba5+ Kc8 21. exd6 {Threatens to win with Bxd7+.} f6 22. Ne2 Nb8 23. Kf2 Bc6 24. Rb1 Kd7 $1 25. Bxc6+ (25. Nf4 $14 Bxd6 26. Bxc6+ Nxc6 27. Rb7+ Nc7 28. Bxc7 Bxc7 29. Nxe6 Kxe6 30. Rxc7 {[%mdl 64] Double Attack}) 25... Nxc6 $11 26. Rb7+ Kc8 27. Rb5 Kd7 28. Rb7+ Kc8 29. Rf7 {Strongly threatening d7+.} Nxa5 30. Nxa5 {aiming for d7+.} Bxd6 31. Rxg7 Bc7 ({Wrong is} 31... Bxh2 $2 32. g3 $18) 32. Nb3 (32. Nc4 $11) 32... Bb6 (32... c4 $15 33. Nbd4 Bb6) 33. Nd2 $1 c4+ 34. Ke1 Ne3 {...Rd8 is the strong threat.} 35. Nc3 $1 Rd8 {White must now prevent ...Ba5.} 36. Ke2 Nd5 37. Nb5 $1 c3 38. Nc4 $2 (38. Ne4 $1 $11) 38... Bc5 $19 39. Ncd6+ (39. Kd3 {was called for.} Nc7+ {[%mdl 64] Discovered Attack} 40. Nbd6+ Bxd6 41. Nxd6+ Rxd6+ 42. Kxc3) 39... Kb8 40. Rb7+ Ka8 41. Nc7+ Nxc7 42. Rxc7 Bxd6 43. Rxc3 Bxh2 {[%mdl 4096] Endgame KRB-KR} 44. Rc6 Bd6 45. Ke3 (45. Rc4 $142) 45... Kb7 46. Rc4 Bxa3 47. Rh4 Rd7 48. f4 Kc6 49. Rh6 Rf7 50. g4 Bc1+ 51. Ke4 {[#]} e5 $1 52. Rh3 (52. fxe5 Bxh6) 52... Bxf4 53. Kf5 Bg5 54. Rc3+ Kd5 55. Rc7 Rf8 56. Rf7 {[#]} Bh6 $1 57. Ra7 Kc4 58. Rc7+ Kd3 59. Rd7+ Ke3 60. Ra7 Bg5 61. Rxh7 Ra8 62. Rb7 Ra4 63. Rb3+ Kf2 64. Rb2+ Kg3 65. Rb3+ Kh4 66. Rb1 Rf4+ 67. Ke6 Kxg4 68. Ra1 e4 69. Kd5 e3 70. Ke6 e2 71. Kf7 Rf1 72. Ra4+ Bf4 73. Kg7 e1=Q 74. Ra7 f5 75. Ra6 Rh1 (75... Qe7+ $142 76. Kg8 Kh5 77. Rc6 Rg1+ 78. Rg6 Rxg6+ 79. Kh8 Qg7#) 76. Rg6+ Bg5 {( -> ...Qe5+)} 77. Ra6 Qe7+ 78. Kg8 Qe8+ 79. Kg7 {[#]} Rh7+ $1 80. Kxh7 Qf7+ 81. Kh8 Bf6+ {Accuracy: White = 60%, Black = 75%.} 0-1

[Event "February Lviv Tradition-IM 2020"]
[Site "Lviv"]
[Date "2020.02.18"]
[Round "3.3"]
[White "Vakulenko, Oleksandr"]
[Black "Kagramanianz, Vartan"]
[Result "0-1"]
[WhiteElo "2262"]
[BlackElo "2238"]
[Annotator "TA"]
[PlyCount "50"]
[EventDate "2020.02.17"]
[EventType "tourn"]
[EventCountry "UKR"]
[SourceTitle "playchess.com"]
[Source "ChessBase"]
[SourceQuality "1"]

{[%evp 11,50,10,18,7,23,17,11,0,6,10,15,14,26,15,24,-56,-31,-45,-18,-16,0,-106,-41,-110,-41,-150,-141,-263,-272,-241,-197,-585,-588,-574,-562,-795,-795,-791,-792,-749,-725]} 1. d4 Nf6 2. c4 e6 3. Nc3 Bb4 4. e3 O-O 5. Bd3 Nc6 6. Nf3 d6 7. Qc2 {E50: Nimzo-Indian: Rubinstein: 4...0-0 5 Nf3.} e5 8. d5 Ne7 9. Nd2 {The position is equal.} c6 10. dxc6 bxc6 11. a3 {[#]} Bxc3 $146 ({Predecessor:} 11... Ba5 12. b4 Bc7 13. Bb2 Bd7 14. Rc1 Ng6 15. O-O Ng4 16. Bf5 Nh6 17. Bxd7 Qxd7 {1-0 (33) Buckley,G (2391)-Coleman,D (2245) Birmingham 2005}) 12. Qxc3 Ng6 13. c5 ({White should try} 13. O-O $11) 13... d5 $36 {[%mdl 2048] Black is more active.} 14. b3 d4 15. Qc2 $1 Nd5 16. Nf3 (16. Nc4 $11 {remains equal.}) 16... f5 (16... Bg4 $17 17. Bd2 Bxf3 18. gxf3 Qh4 19. exd4 exd4) 17. e4 (17. Bc4 $15) 17... Ndf4 ({Black should play} 17... fxe4 $17 18. Bxe4 Nc3) 18. Bc4+ ({Better is} 18. Bxf4 $1 $15 Nxf4 19. O-O) 18... Kh8 $17 19. Bxf4 (19. O-O $17) 19... Nxf4 $19 20. O-O-O Qe7 ({Don't do} 20... Nxg2 21. Nxe5 Qc7 22. Nf3 $17) 21. Bd3 $2 (21. g3 {is a better chance.} d3 22. Rxd3 Nxd3+ 23. Bxd3) 21... Nxd3+ {Black is clearly winning.} 22. Qxd3 Qxc5+ {[%mdl 64] [#] Double Attack} 23. Kb2 fxe4 {[%mdl 64] Discovered Attack} 24. Qxe4 Qc3+ 25. Ka2 {[#]} Rb8 {Played: Bc8-e6} 0-1

[Event "February Lviv Tradition-IM 2020"]
[Site "Lviv"]
[Date "2020.02.18"]
[Round "3.4"]
[White "Bets, Anatolij"]
[Black "Kryvoruchko, Vita"]
[Result "1/2-1/2"]
[WhiteElo "2249"]
[BlackElo "2146"]
[Annotator "TA"]
[PlyCount "61"]
[EventDate "2020.02.17"]
[EventType "tourn"]
[EventCountry "UKR"]
[SourceTitle "playchess.com"]
[Source "ChessBase"]
[SourceQuality "1"]

{[%evp 15,61,6,8,-5,0,0,15,18,19,1,1,1,2,2,24,16,30,34,52,31,46,0,0,0,0,0,37,-25,0,0,0,-37,0,-32,0,0,1,0,0,0,0,0,0,0,0,0,0,0]} 1. d4 Nf6 2. c4 e6 3. Nf3 d5 4. Nc3 Bb4 5. cxd5 exd5 6. Bg5 O-O 7. e3 h6 {7...Bf5 is the recent fashion} 8. Bxf6 Qxf6 9. a3 {D38: Queen's Gambit Declined: Ragozin Defence (4 Nf3 Bb4).} (9. Bd3 {keeps more tension.} c6 10. a3 Bd6 11. O-O Nd7 12. e4) 9... Bxc3+ $1 10. bxc3 c6 11. Be2 Bf5 12. Ne5 Nd7 13. Nxd7 Bxd7 {[#]} 14. O-O $146 ({Predecessor:} 14. Rb1 b6 15. Qc2 Bf5 16. Bd3 Bxd3 17. Qxd3 Rfe8 18. O-O Rad8 19. Qa6 Qe7 20. Rb4 {1-0 (51) Nesterenko,A-Daniljuk,A Nikolaev 2004}) 14... Bf5 15. c4 Rad8 16. cxd5 cxd5 17. Bd3 b6 18. Rc1 Rc8 {[#] Strongly threatening ...Rxc1.} 19. Qd2 Bxd3 20. Qxd3 Qe6 21. h3 ({Better is} 21. Qa6 $14) 21... Rxc1 22. Rxc1 $11 {[%mdl 4096] Endgame KQR-KQR} Rc8 23. Rc3 Rc6 24. Qc2 Rxc3 (24... Rc4 {looks sharper.} 25. Rxc4 dxc4 26. Qc3 Qc6 27. Kf1 b5) 25. Qxc3 $15 {KQ-KQ. The position is equal.} Qd7 26. a4 Qxa4 {[#] White must now prevent ...Qc4.} 27. Qc8+ Kh7 28. Qf5+ Kg8 29. Qc8+ Kh7 30. Qf5+ Kg8 31. Qc8+ {Accuracy: White = 74%, Black = 78%.} 1/2-1/2

[Event "February Lviv Tradition-IM 2020"]
[Site "Lviv"]
[Date "2020.02.18"]
[Round "3.5"]
[White "Malynovskyi, Rostyslav"]
[Black "Bognar, Csaba"]
[Result "1-0"]
[WhiteElo "2238"]
[BlackElo "2128"]
[Annotator "TA"]
[PlyCount "129"]
[EventDate "2020.02.17"]
[EventType "tourn"]
[EventCountry "UKR"]
[SourceTitle "playchess.com"]
[Source "ChessBase"]
[SourceQuality "1"]

{[%evp 11,129,44,39,9,46,49,54,50,88,0,25,0,0,0,4,-13,0,0,4,4,7,2,9,20,6,6,23,0,0,0,57,65,49,59,80,73,75,79,132,122,112,120,110,48,43,27,102,107,102,116,113,123,112,120,103,104,112,8,8,8,62,8,8,8,8,8,50,8,8,8,8,8,8,8,8,8,8,8,8,8,8,8,8,8,8,8,8,8,8,8,8,8,1247,8,18,27,29974,29975,29974,29971,29978,29976,29978,29979,29984,29982,29982,29983,29983,29983,29988,29982,29989,29990,29990,29991,29993,29994,29994,29995]} 1. d4 Nf6 2. c4 g6 3. Nc3 Bg7 4. e4 d6 5. Be2 O-O 6. Be3 c6 7. g4 {E73: King's Indian: Averbakh Variation without 6...c5.} e5 {7...d5 gains popularity.} 8. d5 cxd5 9. cxd5 {White is slightly better.} Ne8 10. g5 (10. h4 $16) 10... f5 $11 11. gxf6 Nxf6 12. h4 Qa5 {[#] aiming for ...Nxe4.} 13. Bd2 $146 ({Predecessor:} 13. Qd2 Bg4 14. h5 Bxh5 15. Bxh5 Nxh5 16. Nh3 Nd7 17. Ng5 Nb6 18. Rxh5 gxh5 19. Ne6 {0-1 (28) Evans,C (2037)-Graham,D (2209) Hinckley Island 2008}) 13... Qb6 {...Ng4! is the strong threat.} 14. Qb3 Qxb3 15. axb3 Na6 16. f3 Nc7 17. Be3 b6 18. Kd2 Bd7 19. Nh3 Nh5 20. Rag1 Nf4 (20... Rab8 $11) 21. Nxf4 $14 exf4 22. Bf2 Bf6 23. Bd3 Kf7 24. Ne2 Be5 (24... Rg8 $142) 25. h5 $16 Rg8 26. hxg6+ hxg6 27. Rh4 (27. Bh4 $16) 27... Rh8 $14 28. Rgh1 {[%cal Bg1h1,Bh1c1,Bc1c7][%mdl 32] Black must now prevent Rh7+.} Kg7 (28... Rxh4 $11 29. Rxh4 Kg7) 29. Rc1 $16 Nb5 30. Bxb5 $1 Bxb5 31. Nd4 Rxh4 32. Ne6+ Kg8 33. Bxh4 {Hoping for Nc7.} Bd7 34. Rc7 ({Better is} 34. Nd8 $1 $16) 34... Bxe6 $1 $11 35. dxe6 {[%mdl 4096] Endgame KRB-KRB} Re8 (35... d5 $11 36. Re7 dxe4) 36. e7 (36. Be7 $14) 36... d5 $132 {[%mdl 2048] Black is not holding back} 37. Rxa7 dxe4 38. fxe4 Bxb2 39. Ke2 Kf7 40. Rb7 Bf6 $1 {[%cal Rf6h4]} 41. Bxf6 Kxf6 42. Rxb6+ Kxe7 {KR-KR} 43. Kf3 Rf8 44. Rxg6 {Strongly threatening Rb6.} Rb8 45. Kxf4 Rxb3 46. Kf5 Rb5+ 47. e5 Rb1 48. Rg7+ Ke8 49. Kf6 Rf1+ 50. Ke6 {White threatens Rg8+ and mate.} Kf8 $1 {[%cal Rf8g7]} 51. Rc7 (51. Ra7 $5 {[%cal Ra7a8]} Rb1 52. Ra6 $16) 51... Rd1 $2 {[%mdl 8192] [#]} (51... Ra1 $11) 52. Rc8+ $2 (52. Rf7+ $1 $18 Kg8 53. Rd7) 52... Kg7 53. Ke7 Re1 $2 {[%mdl 8192] [#]} (53... Ra1 $11) 54. e6 $1 {White mates.} Kg6 55. Rf8 Rd1 56. Rg8+ Kh7 57. Rg4 Re1 58. Kf7 {[%cal Rg4h4]} Rf1+ 59. Ke8 Re1 60. e7 Re2 61. Rd4 Ra2 62. Kd7 Ra7+ 63. Ke6 Ra6+ 64. Kf7 Kh6 65. e8=Q {Accuracy: White = 78%, Black = 73%.} 1-0

[Event "February Lviv Tradition-IM 2020"]
[Site "Lviv"]
[Date "2020.02.19"]
[Round "4.1"]
[White "Kowalski, Igor"]
[Black "Bognar, Csaba"]
[Result "1-0"]
[WhiteElo "2332"]
[BlackElo "2128"]
[Annotator "TA"]
[PlyCount "83"]
[EventDate "2020.02.17"]
[EventType "tourn"]
[EventCountry "UKR"]
[SourceTitle "playchess.com"]
[Source "ChessBase"]
[SourceQuality "1"]

{[%evp 11,83,34,40,40,32,40,35,36,41,45,69,63,68,36,43,-25,24,0,8,0,13,16,35,20,10,-25,-6,-38,0,0,32,33,35,22,81,78,53,44,212,212,221,204,579,101,293,271,275,292,285,288,281,268,268,241,355,341,356,355,432,425,430,428,430,424,421,336,416,401,861,881,1183,1051,1515,1442]} 1. d4 Nf6 2. c4 g6 3. Nc3 Bg7 4. e4 d6 5. h3 O-O 6. Be3 Nbd7 7. g4 {E71: King's Indian: 4 e4 d6 5 h3.} e5 8. d5 Nc5 9. f3 {White is slightly better.} a5 10. Nge2 Ne8 11. Qd2 f5 {next ...fxe4 is good for Black.} 12. gxf5 gxf5 13. Bg5 {[#]} ({White should try} 13. Rg1 $14) 13... Nf6 $146 {[%cal Rf5e4]} (13... Bf6 $5 {[%cal Rf6g5]} 14. h4 Kh8 $15) ({Predecessor:} 13... Qd7 14. Ng3 f4 15. Nh5 Qf7 16. Nxg7 Nxg7 17. Rg1 Kh8 18. Bh6 Rg8 19. Nb5 Nh5 20. Rxg8+ Kxg8 {½-½ (49) Gomez Camacho,R (1471)-Marrero Martin,M (1426) Santa Cruz de Tenerife 2002}) 14. exf5 Qe8 15. O-O-O Bxf5 {[#] ...Nd3+ is the strong threat.} 16. Ng3 Bg6 17. Rg1 Kh8 18. Be2 e4 $1 {[%cal Re4f3]} 19. Rdf1 (19. fxe4 {keeps more tension.} a4 20. Bh6 Bxh6 21. Qxh6 a3 22. Qe3) 19... exf3 (19... a4 {looks sharper.} 20. Be3 exf3 21. Rxf3 Nfd7 22. Rxf8+ Qxf8 23. Rf1 Qe8) 20. Rxf3 Nce4 (20... Qe5 {seems wilder.} 21. Bf4 Qe7 22. Bg5 Qe5) 21. Ngxe4 Nxe4 22. Rxf8+ Bxf8 (22... Qxf8 $11 23. Nxe4 Bxe4) 23. Nxe4 $16 Qxe4 {[%csl Gg6][%cal Re4b1]} 24. Bf6+ Kg8 $2 {[#]} (24... Bg7 $1 $14 25. Bd3 Qf3 26. Rxg6 (26. Bxg6 $2 Qxf6 27. Qe2 hxg6 $19) (26. Bxg7+ Kxg7 27. h4 Rf8 $11) 26... Bxf6) 25. Bd3 $1 $18 {[%cal Rd3e4][%mdl 512]} Qf3 26. Bc3 ({Inferior is} 26. Bxg6 Qxf6 27. Bd3+ Bg7 $11) 26... Qh5 $2 (26... a4 27. Bxg6 hxg6 28. Rxg6+ Kh7) 27. Qc2 $2 (27. Qe1 $18 {[%cal Re1e6] and the rest is easy.} Bh6+ 28. Kc2) 27... Bh6+ $2 (27... Qxh3 $16 28. Kb1 Qe3) 28. Kb1 $1 {[%cal Rd3g6]} Rf8 29. Bxg6 hxg6 30. Qxg6+ Qxg6+ 31. Rxg6+ {[%mdl 4096] Endgame KRB-KRB} Kh7 32. Re6 Bg5 (32... b6 {is a better defense.} 33. Re7+ Kg6 34. Rxc7 Be3) 33. Bxa5 b6 34. Bc3 Rf3 35. Re8 Kg6 36. Rg8+ Kf5 37. Rg7 Rxh3 38. Rxc7 Ke4 39. Kc2 b5 (39... Rh6 $142 40. Rg7 Rh2+ 41. Kb3 Bf4) 40. cxb5 {White is clearly winning.} Be3 41. a4 {[%cal Ba2a4,Ba4a5][%mdl 32]} Kxd5 42. a5 {Accuracy: White = 74%, Black = 42%.} 1-0

[Event "February Lviv Tradition-IM 2020"]
[Site "Lviv"]
[Date "2020.02.19"]
[Round "4.2"]
[White "Kryvoruchko, Vita"]
[Black "Malynovskyi, Rostyslav"]
[Result "1-0"]
[WhiteElo "2146"]
[BlackElo "2238"]
[Annotator "TA"]
[PlyCount "61"]
[EventDate "2020.02.17"]
[EventType "tourn"]
[EventCountry "UKR"]
[SourceTitle "playchess.com"]
[Source "ChessBase"]
[SourceQuality "1"]

{[%evp 20,61,77,88,84,87,100,104,126,130,137,123,125,97,134,131,175,170,178,190,323,343,510,497,489,480,819,819,834,826,828,814,1600,1529,1613,1572,1587,1505,1657,1613,2631,2443,3118,2901]} 1. e4 c5 2. Nc3 e6 3. g3 Nc6 4. Bg2 g6 5. d3 Bg7 6. Be3 d6 7. Qd2 Rb8 8. Nf3 Nd4 9. Bxd4 cxd4 10. Nb5 e5 11. Qb4 ({Stronger than} 11. Nxa7 Bd7 $15) 11... Bf8 {B26: Closed Sicilian: 3 g3, lines with early Be3.} 12. Nxa7 {Black must now prevent Nc6!} Bd7 13. Nb5 Qb6 {White is better.} 14. a4 Nf6 15. O-O Be7 {[#]} 16. c4 $146 ({Predecessor:} 16. Nd2 O-O 17. c3 dxc3 18. bxc3 Rfe8 19. Qb2 h5 20. d4 Bf8 21. h3 Rbc8 22. Kh2 {0-1 (31) Tocco,P (2144)-Cedikova,K (2137) Estensi 2001}) 16... dxc3 17. bxc3 d5 18. Qb1 dxe4 19. Nxe5 Bf5 (19... Bxb5 {might work better.} 20. dxe4 (20. axb5 exd3 21. Nxd3 O-O $16) (20. Qxb5+ Qxb5 21. axb5 O-O $16) 20... O-O 21. Qxb5 Qxb5 22. axb5 Rbc8) 20. dxe4 $18 Bc8 (20... Be6 {was called for.} 21. Nd4 Qc7) 21. a5 {[%cal Ba4a5,Ba5a6,Ba6a7][%mdl 32] White is clearly winning.} Qc5 22. Nd3 Qh5 {[#]} (22... Qc4 $142 23. e5 Ne4 24. Bxe4 Qxe4) 23. a6 $1 O-O (23... bxa6 24. Nc7+) 24. a7 Ra8 25. Nc7 Bd6 26. Nxa8 Bh3 {[#]} 27. e5 $1 Bxg2 (27... Bxe5 28. Nb6) 28. Kxg2 Ng4 29. h3 Ne3+ 30. fxe3 Qe2+ 31. Rf2 {Accuracy: White = 89%, Black = 40%.} 1-0

[Event "February Lviv Tradition-IM 2020"]
[Site "Lviv"]
[Date "2020.02.19"]
[Round "4.3"]
[White "Kagramanianz, Vartan"]
[Black "Bets, Anatolij"]
[Result "1/2-1/2"]
[WhiteElo "2238"]
[BlackElo "2249"]
[Annotator "TA"]
[PlyCount "61"]
[EventDate "2020.02.17"]
[EventType "tourn"]
[EventCountry "UKR"]
[SourceTitle "playchess.com"]
[Source "ChessBase"]
[SourceQuality "1"]

{[%evp 24,61,14,0,6,0,0,0,0,0,0,0,0,0,0,0,0,0,6,0,6,0,0,0,0,0,0,0,0,0,0,0,0,0,0,0,0,0,0,0]} 1. e4 e5 2. Nf3 Nf6 3. Nxe5 d6 4. Nf3 Nxe4 5. d3 Nf6 6. d4 d5 7. Bd3 Bd6 8. O-O O-O 9. Bg5 Bg4 10. Nbd2 Nbd7 11. c3 c6 12. Qc2 Qc7 13. Rae1 {The position is equal.} Rfe8 {C01: French: Exchange Variation.} (13... Rae8 14. h3 Bh5 15. Rxe8 Rxe8 16. Re1 Rxe1+ 17. Nxe1 Bf4 18. Bxf4 Qxf4 19. g3 Qd6 20. Nef3 Bg6 21. Kg2 Bxd3 22. Qxd3 Qe6 23. Nf1 h6 24. Qe3 Qxe3 25. Nxe3 g6 26. Kf1 Kf8 27. Ke2 Ke7 28. Nd2 h5 29. h4 Ke6 30. Ng2 Ne8 31. Nf4+ Kf5 32. Nf1 Nd6 33. Ne3+ {½-½ (31) Kagramanianz,V (2247)-Bets,A (2266) Lvov 2018}) 14. Bh4 Bh5 15. Bg3 Bxg3 16. hxg3 Bg6 17. Rxe8+ Rxe8 18. Bxg6 hxg6 19. Re1 Rxe1+ (19... Nf8 {keeps more tension.} 20. Nf1 Ne6 21. Ne3 a6 22. Qd1 Ne4) 20. Nxe1 Qd6 {[#]} 21. Qd1 $146 ({Predecessor:} 21. Nef3 Qe7 22. Kf1 Ng4 23. Qd1 Ndf6 24. Qe2 Kf8 25. Qxe7+ Kxe7 26. Ke2 Nd7 27. Ne1 Ngf6 28. Nd3 Kd6 29. f3 b6 {½-½ (27) Tishin,P (2400)-Gusev,A (2412) Donskoj 2010}) 21... Qe6 22. Nd3 Ne4 23. Nf1 Nd6 24. Qe1 Qxe1 25. Nxe1 $11 {[%mdl 4096] Endgame KNN-KNN} Kf8 26. Ne3 Ke7 27. f3 Nf5 28. Kf2 Nxe3 29. Kxe3 Ke6 30. Nd3 Kd6 31. g4 {Accuracy: White = 100%, Black = 100%.} 1/2-1/2

[Event "February Lviv Tradition-IM 2020"]
[Site "Lviv"]
[Date "2020.02.19"]
[Round "4.4"]
[White "Sydoryka, Vladyslav"]
[Black "Vakulenko, Oleksandr"]
[Result "1-0"]
[WhiteElo "2318"]
[BlackElo "2262"]
[Annotator "TA"]
[PlyCount "119"]
[EventDate "2020.02.17"]
[EventType "tourn"]
[EventCountry "UKR"]
[SourceTitle "playchess.com"]
[Source "ChessBase"]
[SourceQuality "1"]

{[%evp 17,119,0,0,-10,7,0,-2,-11,-11,-8,7,-10,-12,-6,-4,-13,-13,-16,-17,-18,-3,-19,0,0,0,0,0,0,-7,-10,-9,-14,-12,-17,0,0,0,0,0,0,0,0,0,0,8,0,0,0,0,0,0,-62,0,0,0,0,0,0,89,97,182,181,175,123,189,145,230,164,2313,1691,29965,29966,29964,29965,29966,29969,29969,29971,29971,29970,29968,29972,29972,29973,29973,29974,29974,29975,29974,29976,29976,29977,29977,29978,29978,29979,29979,29980,29983,29984,29985,29986,29987,29988]} 1. c4 e6 2. g3 d5 3. Bg2 Nf6 4. Nf3 dxc4 5. Qa4+ Nbd7 6. Qxc4 a6 7. Qc2 c5 8. O-O b5 9. a4 Bb7 10. b3 {A13: English Opening: 1...e6.} Bd6 11. Bb2 O-O 12. axb5 {The position is equal.} axb5 13. Rxa8 Bxa8 {[#]} 14. Nc3 $146 ({Predecessor:} 14. Na3 Qb6 15. Qd3 Rb8 16. Nxb5 Bxg3 17. hxg3 Be4 18. Qd6 Qxb5 19. d3 Bd5 20. Nd2 Bxb3 21. Bxf6 gxf6 {1-0 (27) Sorcinelli,F (2197)-Rey,F (2156) Biella 2013}) 14... Qb6 15. Ra1 Bc6 16. d3 Rb8 17. Nd2 Bxg2 18. Kxg2 Bf8 19. Nce4 Nxe4 20. Nxe4 Qc6 {Hoping for ...f5.} 21. Kg1 Ra8 22. Rxa8 Qxa8 23. h4 h6 24. Nc3 Qa5 25. Ne4 f5 26. Nd2 Nb6 27. e4 Nd7 28. Nf3 Qa2 29. exf5 exf5 30. d4 f4 31. gxf4 c4 32. bxc4 bxc4 33. Nd2 Nb6 34. Qb1 (34. Qc1 $11) 34... Qa5 (34... Qxb1+ $15 35. Nxb1 Kf7) 35. Qc2 Qh5 36. Nxc4 {Strongly threatening Ne5.} Qg4+ 37. Kf1 {Threatens to win with Ne3.} Nd5 {[#]} (37... Qh3+ $11 {remains equal.} 38. Ke2 Qg4+ 39. Kf1 Qh3+ 40. Kg1 Qg4+ 41. Kf1) 38. Qb3 $1 $16 Kh7 (38... Nxf4 $16 39. Ne3+ Qe6 40. Qxe6+ Nxe6) 39. Ne5 $18 Qe6 40. f5 ({White should try} 40. Qd3+ $18 Kg8 41. f5) 40... Qd6 (40... Qa6+ $16 {is a better defense.} 41. Kg1 Nf6) 41. Qg3 Ne7 (41... Nf6 $16 {was worth a try.} 42. Qg6+ Kg8) 42. Ba3 Qxd4 $2 (42... Qa6+ 43. Kg1 Nxf5) 43. Bxe7 $1 Qd1+ 44. Kg2 {White mates.} Qd5+ 45. f3 Bxe7 46. Qg6+ Kg8 47. Qe8+ Bf8 48. Ng6 Qf7 49. Qxf8+ Qxf8 50. Nxf8 Kxf8 {[%mdl 4096] Endgame K3P-KPP} 51. Kg3 Kf7 52. Kf4 Kf6 53. h5 Kf7 54. Ke5 Ke7 {[#]} 55. f6+ $1 {[%mdl 512]} gxf6+ 56. Kf5 Kf7 57. f4 Ke7 58. Kg6 Ke6 59. Kxh6 Kf7 60. f5 {Accuracy: White = 89%, Black = 73%.} 1-0